British Colony States in Order of Size - Statistics

General Stats
  • This quiz has been taken 6 times
  • The average score is 5 of 16
Answer Stats
State State .... Word Bank Word Bank % Correct
1 Georgia Connecticut
100%
2 New York . Delaware
50%
3 North Carolina Georgia
50%
4 Pennsylvania Maine
33%
5 Virginia Maryland
33%
14 Connecticut Vermont
17%
15 Delaware Virginia
17%
6 Maine Massachusetts
17%
9 Maryland New York
17%
10 Massachusetts North Carolina
17%
12 New Hampshire Rhode Island
17%
13 New Jersey South Carolina
17%
16 Rhode Island West Virginia
17%
7 South Carolina New Hampshire
17%
11 Vermont Pennsylvania
17%
8 West Virginia New Jersey
17%
No matching quizzes found
Score Distribution
Percent of People with Each Score
Percentile by Number Answered
Your Score History
You have not taken this quiz